Score 0/17 Timer 03:00
1 Play Today
% Correct
Dentyne
87%
Tootsie Pop
80.2%
Charleston Chew
74.6%
PEZ
71%
Fruit Stripe Gum
68.3%
M&M's
67.9%
Sugar Daddy
66.6%
Jolly Rancher
61.3%
Reese's Peanut Butter Cups
53.6%
% Correct
Candy Cigarettes
51.8%
Jelly Belly
51.7%
Milky Way
51.2%
Circus Peanuts
40.8%
Candy Corn
34.4%
Tootsie Roll
33.7%
3 Musketeers
22.1%
NECCO Wafers
22%
Remove Ads.
Support Sporcle.
Get the best of Sporcle when you Go Orange. This ad-free experience offers more features, more stats, and more fun while also helping to support Sporcle. Thank you for becoming a member.

You're not logged in!

Compare scores with friends on all Sporcle quizzes.
OR
Log In

Show Comments

Extras

Top Quizzes Today


Score Distribution

Your Account Isn't Verified!

In order to create a playlist on Sporcle, you need to verify the email address you used during registration. Go to your Sporcle Settings to finish the process.

Report this User

Report this user for behavior that violates our Community Guidelines.

Details: